| 000 | 00337pab a2200133 454500 | ||
|---|---|---|---|
| 008 | 180718b xxu||||| |||| 00| 0 eng d | ||
| 100 | _aSezhiyan Era | ||
| 245 | _aElection commission: making a joke of it | ||
| 362 | _a1 Nov 93, p.13 | ||
| 650 | _a Election Commission | ||
| 650 | _aElections | ||
| 773 | _aHindustan Times | ||
| 909 | _a25839 | ||
| 999 |
_c25839 _d25839 |
||